000 00261nam a2200109Ia 4500
008 220204s9999 xx 000 0 und d
082 _a82-3
_bBRA
100 _aBraine, John
245 0 _aStay with me till morning
260 _aLondon
_bMagnum
_c1978
942 _cBK
999 _c29355
_d29355